[Event "Mittelrhein Verbandsliga-M 15/16"]
[Site "Nordrheinwestfalen"]
[Date "2016.01.31"]
[Round "7.7"]
[White "Hoerchens, Joern"]
[Black "Kellner, Manuel"]
[Result "1-0"]
[WhiteElo "1745"]
[BlackElo "1434"]
[PlyCount "61"]
[EventDate "2015.09.06"]
[EventType "team-tourn"]
[EventRounds "11"]
[EventCountry "GER"]
[SourceTitle "EXT 2022"]
[Source "ChessBase"]
[SourceDate "2021.10.06"]
[SourceVersion "1"]
[SourceVersionDate "2021.10.06"]
[SourceQuality "1"]
[WhiteTeam "Dormagen SV"]
[BlackTeam "Kalker/Deutzer SG"]
[WhiteTeamCountry "GER"]
[BlackTeamCountry "GER"]

1. d4 Nf6 2. c4 e6 3. Nf3 b6 4. a3 Bb7 5. Nc3 Be7 6. Qc2 d5 7. cxd5 Nxd5 8. e4 Nxc3 9. bxc3 Nd7 10. Bd3 c5 11. 0-0 Rc8 12. Qe2 0-0 13. Rd1 cxd4 14. cxd4 Re8 15. Bb2 Qc7 16. Rac1 Qb8 17. Bb5 Red8 18. Rxc8 Qxc8 19. Rc1 Qb8 20. g3 Nf6 21. Bd3 Bf8 22. e5 Bxf3 23. Qxf3 Nd5 24. Qe4 g6 25. h4 Qa8 26. h5 Bh6 27. hxg6 Bxc1 28. gxf7+ Kf8 29. Bxc1 Kxf7 30. Qxh7+ Kf8 31. Bh6+ 1-0